000 01054nam a2200265 a 4500
001 000002953
005 20200929150308.0
008 090706s2008 dr acd 000 0 spa d
020 _a9789945162509
040 _aDO-SdBNP
_bspa
_cBNPHU
082 _a334.097295
_bP123p
100 1 _aPadilla Rodríguez, Humberto
_99382
245 1 0 _aPropuesta de un plan estratégico para el movimiento cooperativo en Puerto Rico /
_cHumberto Padilla Rodríguez ; prólogo Román M. Velasco González.
260 _aSanto Domingo :
_bBúho,
_c2008.
300 _a175 p. :
_bil., gráfcs., retrs. ;
_c23 cm.
500 _aIncluye bibliografía y notas al pie de páginas.
504 _aBibliografía : p. 151-159
590 _aInventariado, 2018 /LP
650 4 _aPlanificación estratégica
_92433
650 4 _aAdministración de cooperativas
_zPuerto Rico
_99383
650 4 _aIncentivos en la industria
_96535
650 4 _aCooperativismo
_zPuerto Rico
_99384
700 1 _aVelasco González, Román M.,
_epról.
_99385
910 _aValidado. Control de calidad EMS
999 _c2785
_d2785